Dômyselný rytier Don Quijite de la Mancha (Record no. 20584)
[ view plain ]
| 000 -LEADER | |
|---|---|
| fixed length control field | 01185nam a2200337 a 4500 |
| 001 - CONTROL NUMBER | |
| control field | 20584 |
| 003 - CONTROL NUMBER IDENTIFIER | |
| control field | VRT |
| 005 - DATE AND TIME OF LATEST TRANSACTION | |
| control field | 20260126145135.0 |
| 008 - FIXED-LENGTH DATA ELEMENTS--GENERAL INFORMATION | |
| fixed length control field | 060510s1965 xo slo d |
| 020 ## - INTERNATIONAL STANDARD BOOK NUMBER | |
| Terms of availability | 24.00 |
| 035 ## - SYSTEM CONTROL NUMBER | |
| System control number | POKPOH45612 |
| 039 #9 - LEVEL OF BIBLIOGRAPHIC CONTROL AND CODING DETAIL [OBSOLETE] | |
| Level of rules in bibliographic description | 201810252141 |
| Level of effort used to assign nonsubject heading access points | AUTHORITY |
| Level of effort used to assign subject headings | 201609211356 |
| Level of effort used to assign classification | mkpoh04 |
| Level of effort used to assign subject headings | 201609091019 |
| Level of effort used to assign classification | AUTHORITY |
| 040 ## - CATALOGING SOURCE | |
| Original cataloging agency | POKPOH |
| Language of cataloging | slo |
| Transcribing agency | POKPOH |
| 041 1# - LANGUAGE CODE | |
| Language code of text/sound track or separate title | slo |
| Language code of original | spa |
| 100 1# - MAIN ENTRY--PERSONAL NAME | |
| Personal name | Cervantes Saavedra, Miguel de, |
| Dates associated with a name | 1547-1616 |
| 245 10 - TITLE STATEMENT | |
| Title | Dômyselný rytier Don Quijite de la Mancha |
| Number of part/section of a work | zväzok prvý |
| Statement of responsibility, etc. | Saavedra Miguel de Cervantes ; [zo španielskeho originálu prel. Jozef Felix] |
| 246 34 - VARYING FORM OF TITLE | |
| Title proper/short title | Don Quijote |
| Number of part/section of a work | [1] |
| 250 ## - EDITION STATEMENT | |
| Edition statement | 3. vyd. |
| 260 ## - PUBLICATION, DISTRIBUTION, ETC. | |
| Place of publication, distribution, etc. | Bratislava |
| Name of publisher, distributor, etc. | Slovenské vydavateľstvo krásnej literatúry |
| Date of publication, distribution, etc. | 1965 |
| 300 ## - PHYSICAL DESCRIPTION | |
| Extent | 454 s. viaz. |
| 490 1# - SERIES STATEMENT | |
| Series statement | Svetová tvorba |
| Volume/sequential designation | Zv. 33 |
| 650 07 - SUBJECT ADDED ENTRY--TOPICAL TERM | |
| Topical term or geographic name entry element | španielska literatúra |
| Source of heading or term | POKPOH |
| 655 #7 - INDEX TERM--GENRE/FORM | |
| Genre/form data or focus term | historické romány |
| Source of term | POKPOH |
| 700 1# - ADDED ENTRY--PERSONAL NAME | |
| Personal name | Felix, Jozef, |
| Dates associated with a name | 1913-1977 |
| Relationship | trl |
| 700 1# - ADDED ENTRY--PERSONAL NAME | |
| Personal name | Oleríny, Vladimír, |
| Dates associated with a name | 1921-2016 |
| Relationship | aft |
| 830 #0 - SERIES ADDED ENTRY--UNIFORM TITLE | |
| Uniform title | Svetová tvorba |
| Volume/sequential designation | Zv. 33 |
| 910 ## - USER-OPTION DATA (OCLC) | |
| User-option data | pokpoh |
| 942 ## - ADDED ENTRY ELEMENTS (KOHA) | |
| Source of classification or shelving scheme | Dewey Decimal Classification |
| Koha item type | Krásna literatúra pre dospelých |
| Suppress in OPAC | No |
| 949 ## - LOCAL PROCESSING INFORMATION (OCLC) | |
| 6 | 273K0481087 |
| a | svkpoA 56686/I |
| b | svkpo131419 |
| Stav vyradenia | Strata | Poškodenie | Spôsob nadobudnutia | Domovská knižnica | Aktuálna knižnica | Dátum nadobudnutia | Total checkouts | Čiarový kód exemplára | Date last seen | Typ exemplára |
|---|---|---|---|---|---|---|---|---|---|---|
| Dar | Obecná knižnica Horná Štubňa | Obecná knižnica Horná Štubňa | 26.01.2026 | 4736200655 | 26.01.2026 | Krásna literatúra pre dospelých |
